000
00257nam a2200109Ia 4500
008
190216s9999||||xx |||||||||||||| ||und||
100
_a
Raja Raja Varma A R
245
0
_a
Vritha Manjari
260
_b
Kalalayam Book Depot
650
_a
Malayalam
942
_c
BK
999
_c
24211
_d
24211